Giáo trình dược liệu Dùng trong các trường THCN
Giới thiệu lý thuyết những kiến thức cơ bản của dược liệu: kỹ thuật thu hái, phơi sấy, chế biến, bảo quản; Thành phần và tác dụng của các nhóm hợp chất có trong dược liệu; Tác dụng chữa bệnh của các loại dược liệu
Saved in:
| Main Author: | |
|---|---|
| Format: | Book |
| Language: | Vietnamese |
| Published: |
H.
Nxb. Hà Nội
2007
|
| Subjects: | |
| Tags: |
Add Tag
No Tags, Be the first to tag this record!
|
| Institutions: | Mạng thư viện Đại học Đà Nẵng |
|---|
| LEADER | 01613aam a22003858a 4500 | ||
|---|---|---|---|
| 001 | 000010081 | ||
| 003 | 6281 | ||
| 005 | 20121011141052.0 | ||
| 008 | 111110s2007 viesd | ||
| 020 | |c 33000đ |d 700b | ||
| 041 | 0 | |a vie | |
| 082 | 1 | 4 | |2 14 |a 615.071 |b NG-D |
| 084 | |a N282.11z72 |b GI-108T | ||
| 100 | 1 | |a Nguyễn Thuý Dần | |
| 245 | |a Giáo trình dược liệu |b Dùng trong các trường THCN |c Nguyễn Thuý Dần ch.b. | ||
| 260 | |a H. |b Nxb. Hà Nội |c 2007 | ||
| 300 | |a 243tr. |b bảng, hình vẽ |c 24cm | ||
| 500 | |a ĐTTS ghi: Sở Giáo dục và Đào tạo Hà Nội | ||
| 504 | |a Thư mục: tr. 241 | ||
| 520 | |a Giới thiệu lý thuyết những kiến thức cơ bản của dược liệu: kỹ thuật thu hái, phơi sấy, chế biến, bảo quản; Thành phần và tác dụng của các nhóm hợp chất có trong dược liệu; Tác dụng chữa bệnh của các loại dược liệu | ||
| 650 | 7 | |2 Bộ TK TVQG |a Dược liệu | |
| 650 | 7 | |2 Bộ TK TVQG |a Điều trị | |
| 650 | 7 | |2 Bộ TK TVQG |a Bệnh | |
| 655 | 7 | |2 Bộ TK TVQG |a Giáo trình | |
| 910 | |a Nguyễn Thị Kim Oanh |d 10/11/2011 | ||
| OWN | |a LSP | ||
| AVA | |a UDN50 |b LSP |d 615.071 NG-D |e check_holdings |t Error 5003 Not defined in file expand_doc_bib_avail. |h N |k 1 | ||
| 999 | |a From the UDN01 | ||
| AVA | |a UDN50 |b LSP |d 615.071 NG-D |e available |t Error 5001 Not defined in file expand_doc_bib_avail. |f 31 |g 0 |h N |i 33 |k 1 | ||
| TYP | |a Monograph | ||
| TYP | |a Printed language | ||
| 980 | |a Mạng thư viện Đại học Đà Nẵng | ||